Statistics for Countries Ernest Hemingway visited

Click here to take the quiz!

General Stats

  • This quiz has been taken 32 times
  • The average score is 9 of 12

Answer Stats

Continent Country % Correct
North AmericaCanada
100%
EuropeFrance
100%
North AmericaUnited States of America
97%
North AmericaCuba
94%
EuropeItaly
94%
EuropeSpain
94%
EuropeUnited Kingdom
88%
Asia/ EuropeTurkey
84%
North Americathe Bahamas
66%
AfricaKenya
56%
AfricaDemocratic Republic of the Congo
34%
EuropeLuxembourg
16%

Score Distribution

Percentile by Number Answered

Percent of People with Each Score

Your Score History

You have not taken this quiz